L'enseignement du droit aerien dans le monde (Registro nro. 85333)

Detalles MARC
000 -ENCABEZADO
Número de control [NR] 00680nam a22001937a 4500
008 - DE LONGITUD FIJA DE DATOS DE ELEMENTOS - INFORMACIÓN GENERAL
Elementos de longitud fija [NR] 130821s1958 xxc gr fre
040 ## - FUENTE DE CATALOGACION [NR]
Agencia de catalogación original [NR] Co-BoUCM
Idioma de catalogación [NR] spa
041 00 - CODIGO DE IDIOMA [R]
Código de idioma para texto/pista de sonido o título separado [R] Francés
092 ## - SIGNATURA TOPOGRAFICA LOCAL
Número de clasificación local FRA 000095
100 ## - ASIENTO PRINCIPAL--NOMBRE PERSONAL [NR]
Nombre personal [NR] Pepin, Eugéne
ID Autoridad 170750
245 00 - MENCION DE TITULO [NR]
Título [NR] L'enseignement du droit aerien dans le monde
Mención de responsabilidad, etc. [NR] Eugéne Pépin
260 ## - PUBLICACION, DISTRIBUCION, ETC. (PIE DE IMPRENTA) [R]
Lugar de publicación, distribución, etc. [R] Montreal (Québec, Canadá)
Nombre del editor, distribuidor, etc. [R] Institute of International Air Law
Fecha de publicación, distribución, etc. [R] 1958
300 ## - DESCRIPCION FISICA [R]
Extensión [R] 33 páginas
500 ## - NOTA GENERAL [R]
Nota general [NR] Incluye bibliografía e índice. -- Este libro se encuentra en el depósito de la biblioteca
650 04 - ASIENTO SECUNDARIO DE MATERIA - TERMINO TEMATICO [R]
Término temático o nombre geográfico como elemento de entrada [NR] Derecho aéreo
9 (RLIN) 12699
650 04 - ASIENTO SECUNDARIO DE MATERIA - TERMINO TEMATICO [R]
Término temático o nombre geográfico como elemento de entrada [NR] Derecho aéreo
Subdivisión general [R] Enseñanza
9 (RLIN) 12699
650 04 - ASIENTO SECUNDARIO DE MATERIA - TERMINO TEMATICO [R]
Término temático o nombre geográfico como elemento de entrada [NR] Enseñanza
9 (RLIN) 7573
942 ## - ELEMENTOS DE ENTRADA AGREGADOS (KOHA)
Tipo de ítem principal el descrito en 300a Libro
Tema principal [No clasificado]
Edición 1
Título oculto en OPAC No
Existencias
Signatura topográfica Código de barras Última vez visto Volúmen / Fascículo Ejemplar Price effective from Tipo de ítem Nota pública (OPAC) Perdido Sistema de clasificación Dañado No prestable Tipo de ítem específico Suprimido Ubicación habitual Ubicación actual Localización Fecha de creación Forma de adquisición Costo
~ 120055469 04/12/2025 FRA 000095 Ej.1 03/02/2013 Libro Galería de donantes   LOCAL     Fondos especiales   Claustro Claustro Procesos Técnicos 28/02/2003 Donación 10000.00